000 00693nam a2200181 a 4500
008 060825s2006 ||||||||||||||||| || u
050 _aIBRD(08)PRWP/3879
100 _aMani, Muthukumara
245 1 0 _aTrade liberalisation and the environment in Vietnam
260 _aWashington, D. C
_bWorld Bank
_c2006
300 _a31p.;ill
350 _a0.00
490 _aWorld Bank policy research working papers
650 0 _aECONOMICS
650 _aTRADE LIBERALIZATION--RESEARCH--VIETNAM
700 _aJha, Shreyasi
995 _D0.00
_FCBU-MAIN LIBRARY (Kitwe)
_H1
_I0.00
_M1
_UAVAILABLE
_WAug 25, 2006
_ZInternational Publications
999 _c60182
_d60182